000 00289nam a22001337a 4500
008 171024b xxu||||| |||| 00| 0 eng d
020 _a9781256635444
041 _aeng
080 _a311
100 _a55
101 _aSTA
245 _aBUSINESS STATISTICS
_cSHARPE,N.R
942 _2udc
_cBK
999 _c35762
_d35762